000 00638nam a2200241Ia 4500
003 OSt
005 20220912150902.0
006 a|||||r|||| 00| 0
007 ta
008 220909b |||||||| |||| 00| 0 eng d
024 _a21499
037 _cTextual
040 _aCSL
_beng
_cCSL
041 _aeng
082 _aB13, M3
100 _aWright Cripsin
245 0 _aFrege's conception of numbers as objects
260 _aGreat
_bBritain Aberdeen
_c1983
300 _axi,193p.
_ccm.
500 _aAppendix 188-9p; Bibliography 190-93p
942 _hB13, M3
_cTEXL
_2CC
999 _c56874
_d56874